000
00302nam a2200121Ia 4500
008
230907s9999||||xx |||||||||||||| ||und||
082
_a
174.2
_b
PEN
100
_a
Pence, Gregory E.,
_9
116098
245
0
_a
Medical ethics :
300
_a
xx, 365, 32, 14 pages ;
650
_a
Case studies.
942
_c
BK
999
_c
601046
_d
601046